000 01105nam a2200301Ia 4500
001 Para_450
003 CHAP
008 220125s2000 xx 000 0 und d
010 _a199205
040 _cCHAP
090 _aPA TESIS 1478
100 _aTrejo Galván, Francisco Javier
_9114748
245 _aEvaluación de fungicidas para el control de la cencilla (Leveillula taurica (Lév.) Arn.) en el cultivo de chile en San Luis de la Paz, Guanajuato, México /
_c por Francisco Javier Trejo Galván
260 _aChapingo, Méx. :
_b el autor
300 _a50 h.
502 _aTesis (Ing. Agr. Esp. en Parasitología Agrícola) -- UACh. Departamento Parasitología Agrícola
650 _aCenicilla del tomate
_9164509
650 _aChile (botánica)
_x enfermedades por hongos
_922354
650 _aHongos fitopatógenos
_956132
710 _aUACh. Departamento Parasitología Agrícola
_9164025
901 _aPA TESIS 1478
902 _aA
905 _a0000002000 an 0000000000 00
910 _a2000
942 _cPARA
942 _cPARA
_d1
999 _c199205
_d199205